000
00295nam a22001337a 4500
008
181203b xxu||||| |||| 00| 0 eng d
020
_a
9783791349787
041
_a
eng
080
_a
701
100
_a
44
101
_a
ART
245
_a
Impressionism Reimagining Art
_c
Wolf,N
942
_2
udc
_c
BK
999
_c
52698
_d
52698